Nicaragua's economy: the dilemmas of a revolution at war /

sin resumen

সংরক্ষণ করুন:
গ্রন্থ-পঞ্জীর বিবরন
প্রধান লেখক: Ryan, Phil
বিন্যাস: পাঠ‍্য
ট্যাগগুলো: ট্যাগ যুক্ত করুন
কোনো ট্যাগ নেই, প্রথমজন হিসাবে ট্যাগ করুন!

MARC

LEADER 00000 a a2200000 04500
001 10420
003
040
100 |a Ryan, Phil  
245 |a Nicaragua's economy: the dilemmas of a revolution at war /  |c Phil cRyan 
520 |a sin resumen  
773 |g volumen 11, número 22; páginas 37-58  
999 |c 39907  |d 39907